El compañero Toha : (Record no. 9870)

MARC details
000 -CABECERA
campo de control de longitud fija 00516nam a2200169 a 4500
005 - FECHA Y HORA DE LA ÚLTIMA TRANSACCIÓN
campo de control 20210223120952.0
008 - ELEMENTOS DE LONGITUD FIJA--INFORMACIÓN GENERAL
campo de control de longitud fija 991125 1977 mx 000 0 spa u
035 ## - NÚMERO DE CONTROL DEL SISTEMA
Número de control de sistema UPN01000009870
049 ## - COLECCIÓN
Colección CG
050 #4 - SIGNATURA TOPOGRÁFICA DE LA BIBLIOTECA DEL CONGRESO
Número de clasificación F3081
Número de documento/Ítem L2.31
100 1# - ASIENTO PRINCIPAL--NOMBRE PERSONAL
Nombre de persona Witker V., Alejandro
245 13 - MENCIÓN DE TÍTULO
Título El compañero Toha :
Resto del título esbozo biográfico, testimonios, documentos /
Mención de responsabilidad, etc. Alejandro Witker V.
260 ## - PUBLICACIÓN, DISTRIBUCIÓN, ETC.
Lugar de publicación, distribución, etc. México :
Nombre del editor, distribuidor, etc. Casa de Chile,
Fecha de publicación, distribución, etc. 1977.
300 ## - DESCRIPCIÓN FÍSICA
Extensión 124 p.
651 #4 - ASIENTO SECUNDARIO DE MATERIA - NOMBRE GEOGRAFICO
Nombre geográfico CHILE -
Subdivisión general HISTORIA -
Subdivisión cronológica GOLPE DE ESTADO, 1973
9 (RLIN) 13425
905 ## - TIPO DE MATERIAL
Tipo de material Libro
Holdings
Estado de retiro Estado de pérdida Fuente del sistema de clasificación o colocación Estado dañado No para préstamo Código de colección Localización permanente Ubicación/localización actual Ubicación en estantería Total de préstamos Clasificación Código de barras Fecha visto por última vez Número de copia Tipo de ítem Koha
    Library of Congress Classification     Colección General Bib. Gregorio Torres Quintero Bib. Gregorio Torres Quintero Planta baja   F3081 L2.31 111038 31/12/2020 1 Libro
    Library of Congress Classification     Colección General Bib. Gregorio Torres Quintero Bib. Gregorio Torres Quintero Planta baja   F3081 L2.31 111039 31/12/2020 1 Libro